| 000 | 00366nam a2200157Ia 4500 | ||
|---|---|---|---|
| 008 | 230711s9999||||xx |||||||||||||| ||und|| | ||
| 041 | _aENG | ||
| 082 |
_a720 _bVI-V |
||
| 100 | _aVitoux,F | ||
| 245 | 0 | _aVenice the art of living | |
| 250 | _a1st | ||
| 260 |
_c1990 _aNew Jersy _bStewart Tabori Publication |
||
| 300 | _a252 | ||
| 650 | _aArchitecture | ||
| 942 | _cBK | ||
| 999 |
_c2821 _d2821 |
||